| 000 | 00000nam 22000008a 4500 |
| 001 | 9.851061 |
| 003 | CaOODSP |
| 005 | 20221107154314 |
| 007 | cr ||||||||||| |
| 008 | 180202s2018 onc o f000 0 eng d |
| 020 | |a978-0-660-24786-1 |
| 040 | |aCaOODSP|beng |
| 043 | |an-cn--- |
| 086 | 1 |aH14-243/1-2018E-PDF |
| 245 | 00|aKey changes to the Controlled drugs and Substances Act (CDSA) to better control illegal drugs |h[electronic resource]. |
| 260 | |aOttawa : |bHealth Canada, |c2018. |
| 300 | |a[1] p. |
| 500 | |aIssued also in French under title: Modifications à la Loi réglementant certaines drogues et autres substances (LRCDAS). |
| 500 | |aCaption title. |
| 520 | |a"There have been recent drug enforcement changes with the coming into force of Bill C-37 to better equip law enforcement to stop the production and distribution of illegal drugs". |
| 692 | 07|2gccst|aNarcotics |
| 710 | 1 |aCanada. |bHealth Canada. |
| 775 | 08|tModifications à la Loi réglementant certaines drogues et autres substances (LRCDAS) |w(CaOODSP)9.851063 |
| 856 | 40|qPDF|s121 KB|uhttps://publications.gc.ca/collections/collection_2018/sc-hc/H14-243-1-2018-eng.pdf |
| 986 | |aPub.:170415 |